000 00514nam a2200181Ia 4500
999 _c1486
_d1486
003 OSt
005 20201109152842.0
008 190216s9999||||xx |||||||||||||| ||und||
020 _a0471892033
040 _coclc
082 _a576.5
_bGAR/P
100 _aGardner, Eldon John
_94920
245 0 _aPrinciples Of Genetics /
_cEldon John Gardner ; D P Snustad
250 _a7th Ed.
260 _bJohn Wiley & Sons,
_c1984.
650 _aBotany
942 _cBK
_2ddc
_h576.5
_iGAR/P
_k576.5
_mGAR/P